000 00730nam a2200265Ia 4500
005 20260121171747.0
008 008 260114s9999 xx 000 0 eng d
020 _a9783030436902
037 _aEBOOK
040 _aCRL
040 _beng
040 _cCRL
041 _2eng
041 _aeng
084 _qCRL
100 _aNigus Gabbiye Habtu, Delele Worku Ayele, Solomon Workneh Fanta, Bimrew Tamrat Admasu, Mekuanint Agegnehu Bitew
_91080126
245 0 _aAdvances of Science and Technology
260 _bSpringer
260 _bSpringer
260 _c2020
856 _uhttps://link.springer.com/openurl?genre=book&isbn=978-3-030-43690-2
942 _cEBOOK
999 _c1645859
_d1645859